000 01274nam a2200241Ii 4500
003 JO-AjNU
005 20240625135033.0
008 230605s9999||||xx |||||||||||||| ||und||
040 _aJO-AjNU
_bara
_erda
_cJO-AjNU
041 _aara
050 1 4 _aHD30.2 2020
100 1 _aعبابنة، اشرف ماجد محمد
_965672
245 0 _aاثر إدارة المعرفة على تحسين أداء الموارد البشرية في بنك تنمية المدن والقرى في الأردن Bank In Jordan The Impact of Knowledge Management on Improving Human Resource Performance in Cities and Villages Development /
_cاعداد اشرف ماجد محمد عبابنة ؛إشراف ياسر عيسى المومني
260 _c2020
300 _a117 ورقة
336 _atext
_btxt
_2rdacontent
337 _aunmediated
_bn
_2rdamedia
338 _avolume
_bnc
_2rdacarrier
500 _aرسالة جامعية(اطروحة ماجستير) تخصص إدارة الأعمال/كلية الأعمال، جامعة عجلون الوطنية،2020
650 4 _aادارة المعرفه - الموارد البشريه - بنك المدن والقرى - الاردن
_959778
700 1 _aالمومني،ياسر عيسى
_965673
_eمشرف
942 _2lcc
_cTHS
999 _c30485
_d30485